00347nam a2200133Ia 4500008004100000100004400041245002800085250001200113260004400125300000800169650001200177942000700189999001700196190216s9999||||xx |||||||||||||| ||und|| aMark W. Zemansky And Richard H. Dittman 0aHeat And Thermodynamics a7th Ed. bMcgraw-Hill International Editionc1997 a479 aPhysics cBK c32929d32929